| 000 | 00878nam a22001577a 4500 | ||
|---|---|---|---|
| 003 | OSt | ||
| 005 | 20151005145746.0 | ||
| 008 | 151005b xxu||||| |||| 00| 0 eng d | ||
| 040 | _cRUA | ||
| 082 | _aAVM SAO 2005 B075 Or.1 | ||
| 100 |
_92049 _aSAO SOMANTHA |
||
| 245 | _aThe effect of using of maize cake by product on growth rate of avian broiler at the animal experimental station of royal university of agriculture, (ឥទ្ធិពលនៃការប្រើប្រាស់កំទេចនំពោតជាចំណីផ្សំលើការលូតលាស់របស់មាន់សាច់ (AVIAN) នៅស្ថានីយ៍ពិសោធន៍សត្វ នៃសាកលវិទ្យាល័យភូមិន្ទកសិកម្ម) | ||
| 260 |
_aphnom penh _bRUA _c2005 |
||
| 300 |
_axi, 40p. _bill. _c29cm. |
||
| 942 |
_2ddc _cAVM |
||
| 999 |
_c1935 _d1935 |
||